Responses for Show #3482 - Tuesday, October 26, 1999

Eddie Timanus game 5.

Contestants

[<< previous game]

Ted Hawks, a real estate agent from Mesa, Arizona

Jane Giliberti, a sales administrator from Colgate, Wisconsin

Eddie Timanus, a sportswriter from Reston, Virginia (whose 4-day cash winnings total $56,500)

[next game >>]

Jeopardy! Round responses

U.S. GEOGRAPHY
TV HOSTS
(Alex: Name the host; we'll give you the program.)
COLD-BLOODED ANIMALS
GOVERNMENT & POLITICS
BIBLICAL QUOTES
GIVE ME A "HAND"
    $100 1
Hawaii

Jane
    $100 2
Bob Saget

Eddie
    $100 21
hearts

Jane
    $100 30
FBI (Federal Bureau of Investigation)

Jane
    $100 27
Noah

Eddie
    $100 15
a bird in the hand

Ted
    $200 3
Cape Cod

Ted
    $200 9
Walt Disney

Jane
    $200 28
bivalves

Ted
    $200 29
Gary Hart

Ted
    $200 26
John the Baptist

Jane
    $200 17
hand-me-downs

Eddie
    $300 5
Des Moines

Ted
    $300 10
Marlin Perkins

Eddie
    $300 25
cobra

Jane
    $300 13
Ed Koch

Ted
    $300 22
camel

Jane
    $300 18
handicapper

Ted
    $400 4
(Ted: What are the Adirondacks?)

Catskills

EddieTed
    $400 11
Groucho Marx

Eddie
    $400 14
eye

Jane
    $400 7
legislative

Eddie
    $400 23
the valley of the shadow of death

Eddie
    $400 19
"I Want To Hold Your Hand"

Eddie
    $500 6
Minnesota

Triple Stumper
    $500 12
Rod Serling

Ted
    $500 16
terrapin

Eddie
    $900 8
Secretary of State & Secretary of Defense

Eddie
    $500 24
money

Ted
    $500 20
W.C. Handy

Eddie

Scores at the first commercial break (after clue 13):

Eddie Jane Ted
$2,500 $300 $900

Scores at the end of the Jeopardy! Round:

Eddie Jane Ted
$4,600 $1,700 $2,200

Double Jeopardy! Round responses

BIOGRAPHIES
'80s FILM COMEDY
HANNIBAL LECTURE
A WORLD OF KNOWLEDGE
THE 20th CENTURY
THE SHORT VERSION
    $200 1
Julia Child

Jane
    $200 7
Caddyshack

Eddie
    $200 6
(Jane: What is the Peloponnesian War?)
(Ted: What is the Carthaginian Wars?)

Punic Wars

EddieJaneTed
    $200 28
Margaret Thatcher

Ted
    $200 30
football

Ted
    $200 16
standing room only

Ted
    $400 2
Douglas MacArthur

Ted
    $400 8
(Ted: What is "The Great White North?")

Strange Brew

EddieTed
    $400 24
(Alex: With a minute to go.)

Hamilcar

Triple Stumper
    $400 27
Scotland

Triple Stumper
    $400 15
fairies

Jane
    $400 20
political action committee

Jane
    $600 5
Katharine Hepburn

Triple Stumper
    $600 9
Peter O'Toole

Triple Stumper
    $600 25
poison

Ted
    $600 22
(Eddie: What is rumba?)

Samba

EddieTed
    $600 14
Alcatraz

Triple Stumper
    $600 17
monosodium glutamate

Jane
    $1,600 3
Malcolm X

Ted
    $800 10
Short Circuit

Eddie
    $800 26
Turin

Jane
    $800 21
Bordeaux

Jane
    $4,000 13
Douglas "Wrong Way" Corrigan

Ted
    $800 18
(Ted: What is Rural Farm Delivery?)

rural free delivery

JaneTed
    $1000 4
Norman Mailer

Jane
    $1000 11
The Money Pit

Ted
    $1000 29
Pyrenees

Ted
    $1000 23
Suriname

Eddie
    $1000 12
Koko

Triple Stumper
    $1000 19
cost of living allowance

Ted

Scores at the end of the Double Jeopardy! Round:

Eddie Jane Ted
$6,600 $6,500 $11,600

[wagering suggestions for these scores]

Final Jeopardy! Round responses

RELIGIOUS HISTORY
(Alex: Eddie, you win the cash & a pair of 2000 Camaros! What a week - see you tomorrow with three new players!)
JaneWhat is the Magna Carta?
$1,000
EddieWHAT IS THE MAGNA CARTA?
$6,600
TedWhat is Summa Theologica
$3,600
Magna Carta

Final scores:

Eddie Jane Ted
$13,200 $7,500 $8,000
5-day champion: $69,700 3rd place: Travelpro Luggage 2nd place: Trip to Couples Resorts, Jamaica

Game dynamics:

Coryat scores:

Eddie Jane Ted
$6,200 $6,500 $7,600
17 R
(including 1 DD),
1 W
16 R,
1 W
20 R
(including 2 DDs),
4 W

Combined Coryat: $20,300

[game clues] [game scores] [suggest correction]

Game tape date: 1999-08-04
The J! Archive is created by fans, for fans. Scraping, republication, monetization, and malicious use prohibited; this site may use cookies and collect identifying information. See terms. The Jeopardy! game show and all elements thereof, including but not limited to copyright and trademark thereto, are the property of Jeopardy Productions, Inc. and are protected under law. This website is not affiliated with, sponsored by, or operated by Jeopardy Productions, Inc. Join the discussion at JBoard.tv.